<?xml version="1.0" encoding="UTF-8"?>
<record
    xmlns:xsi="http://www.w3.org/2001/XMLSchema-instance"
    xsi:schemaLocation="http://www.loc.gov/MARC21/slim http://www.loc.gov/standards/marcxml/schema/MARC21slim.xsd"
    xmlns="http://www.loc.gov/MARC21/slim">

  <leader>01152nam a2200253 a 4500</leader>
  <controlfield tag="001">29545</controlfield>
  <controlfield tag="003">BD-RjUL</controlfield>
  <controlfield tag="005">20211209051427.0</controlfield>
  <controlfield tag="008">140403s1968    bg       b    001 0 bendd</controlfield>
  <datafield tag="020" ind1=" " ind2=" ">
    <subfield code="c">: Tk. 5.50</subfield>
  </datafield>
  <datafield tag="035" ind1=" " ind2=" ">
    <subfield code="a">(BD-RjUL)29630</subfield>
  </datafield>
  <datafield tag="040" ind1=" " ind2=" ">
    <subfield code="a">BD-RjUL</subfield>
    <subfield code="c">BD-RjUL</subfield>
    <subfield code="d">BD-RjUL</subfield>
    <subfield code="b">ben</subfield>
  </datafield>
  <datafield tag="041" ind1="1" ind2=" ">
    <subfield code="a">ben</subfield>
  </datafield>
  <datafield tag="082" ind1="0" ind2="0">
    <subfield code="a">301</subfield>
    <subfield code="b">SAN 1968</subfield>
  </datafield>
  <datafield tag="100" ind1="1" ind2=" ">
    <subfield code="a">&#x9B8;&#x9BE;&#x982;&#x995;&#x9C3;&#x9A4;&#x9CD;&#x9AF;&#x9BE;&#x9AF;&#x9BC;&#x9A8;, &#x9B0;&#x9BE;&#x9B9;&#x9C1;&#x9B2; </subfield>
    <subfield code="9">134947</subfield>
  </datafield>
  <datafield tag="245" ind1="1" ind2="0">
    <subfield code="a">&#x9A8;&#x9A4;&#x9C1;&#x9A8; &#x9AE;&#x9BE;&#x9A8;&#x9AC; &#x9B8;&#x9AE;&#x9BE;&#x99C; / </subfield>
    <subfield code="c">&#x9B0;&#x9BE;&#x9B9;&#x9C1;&#x9B2; &#x9B8;&#x9BE;&#x982;&#x995;&#x9C3;&#x9A4;&#x9CD;&#x9AF;&#x9BE;&#x9AF;&#x9BC;&#x9A8; ; &#x985;&#x9A8;&#x9C1;&#x9AC;&#x9BE;&#x9A6;, &#x9B0;&#x9BE;&#x9B9;&#x9C1;&#x9B2; &#x99C;&#x9C0;&#x9AC;&#x9A8;&#x9C0; &#x993; &#x997;&#x9CD;&#x9B0;&#x9A8;&#x9CD;&#x9A5;&#x9AA;&#x99E;&#x9CD;&#x99C;&#x9C0;:  &#x9B6;&#x9AE;&#x9CD;&#x9AD;&#x9C1;&#x9A8;&#x9BE;&#x9A5;  &#x9A6;&#x9BE;&#x9B8;</subfield>
  </datafield>
  <datafield tag="260" ind1=" " ind2=" ">
    <subfield code="a">&#x9A2;&#x9BE;&#x995;&#x9BE;:</subfield>
    <subfield code="b">&#x9B0;&#x9C0;&#x9A4;&#x9BE; &#x9B9;&#x9BE;&#x9B2;&#x9A6;&#x9BE;&#x9B0;,</subfield>
    <subfield code="c">[&#x9E7;&#x9EF;&#x9EC;&#x9EE;]</subfield>
  </datafield>
  <datafield tag="300" ind1=" " ind2=" ">
    <subfield code="a">[&#x9EA;], &#x9E7;&#x9E9;&#x9E7; &#x9AA;&#x9C3;. ;</subfield>
    <subfield code="c">&#x9E8;&#x9E7; &#x9B8;&#x9C7;&#x9AE;&#x9BF;.</subfield>
  </datafield>
  <datafield tag="504" ind1=" " ind2=" ">
    <subfield code="a">&#x997;&#x9CD;&#x9B0;&#x9A8;&#x9CD;&#x9A5;&#x9AA;&#x99E;&#x9CD;&#x99C;&#x9C0; &#x9B8;&#x982;&#x9AF;&#x9C1;&#x995;&#x9CD;&#x9A4;</subfield>
  </datafield>
  <datafield tag="650" ind1=" " ind2=" ">
    <subfield code="a">&#x9B8;&#x9AE;&#x9BE;&#x99C;&#x9AC;&#x9BF;&#x99C;&#x9CD;&#x99E;&#x9BE;&#x9A8;</subfield>
    <subfield code="9">222317</subfield>
  </datafield>
  <datafield tag="650" ind1=" " ind2=" ">
    <subfield code="a">Sociology </subfield>
    <subfield code="9">222318</subfield>
  </datafield>
  <datafield tag="700" ind1=" " ind2=" ">
    <subfield code="a">&#x9A6;&#x9BE;&#x9B8;, &#x9B6;&#x9AE;&#x9CD;&#x9AD;&#x9C1;&#x9A8;&#x9BE;&#x9A5;, &#x985;&#x9A8;&#x9C1;&#x9AC;&#x9BE;&#x9A6;&#x995; &#x9B0;&#x9BE;&#x9B9;&#x9C1;&#x9B2; &#x99C;&#x9C0;&#x9AC;&#x9A8;&#x9C0; &#x993; &#x997;&#x9CD;&#x9B0;&#x9A8;&#x9CD;&#x9A5;&#x9AA;&#x99E;&#x9CD;&#x99C;&#x9C0;&#x995;&#x9BE;&#x9B0;    </subfield>
    <subfield code="9">222319</subfield>
  </datafield>
  <datafield tag="942" ind1=" " ind2=" ">
    <subfield code="2">ddc</subfield>
    <subfield code="c">RAR</subfield>
  </datafield>
  <datafield tag="999" ind1=" " ind2=" ">
    <subfield code="c">29545</subfield>
    <subfield code="d">29545</subfield>
  </datafield>
  <datafield tag="952" ind1=" " ind2=" ">
    <subfield code="0">0</subfield>
    <subfield code="1">0</subfield>
    <subfield code="2">ddc</subfield>
    <subfield code="4">0</subfield>
    <subfield code="7">1</subfield>
    <subfield code="8">RARE</subfield>
    <subfield code="a">RUCL</subfield>
    <subfield code="b">RUCL</subfield>
    <subfield code="c">Rare</subfield>
    <subfield code="d">2018-09-03</subfield>
    <subfield code="l">0</subfield>
    <subfield code="o">BRA 301 SAN 1968</subfield>
    <subfield code="r">2018-09-03 00:00:00</subfield>
    <subfield code="t">C-1</subfield>
    <subfield code="w">2021-12-09</subfield>
    <subfield code="y">RAR</subfield>
  </datafield>
</record>
